00242nam a2200097Ia 4500008004100000041000800041100002100049245003300070260002100103700002000124241105s9999 xx 000 0 und d aeng aGhatage Anahita. aMedia Lab, Mumbai University bBNCA, Punec2018 aPatwardhan Ravi